[Event "Chigorin Memorial 26th"]
[Site "St Petersburg"]
[Date "2018.11.02"]
[Round "7"]
[White "Shihaliev, Leonard"]
[Black "Erdenieva, Oyuna"]
[Result "0-1"]
[WhiteElo "2010"]
[BlackElo "2251"]
[PlyCount "112"]
[EventDate "2018.10.27"]
[EventType "swiss"]
[EventRounds "9"]
[EventCountry "RUS"]
[SourceTitle "CBM 187 Extra"]
[Source "ChessBase"]
[SourceDate "2018.11.04"]
[SourceVersion "1"]
[SourceVersionDate "2018.11.04"]
[SourceQuality "1"]

1. d4 d5 2. Nf3 Nf6 3. Bf4 c5 4. e3 Nc6 5. Nc3 Bg4 6. Be2 e6 7. 0-0 Be7 8. Ne5 Bxe2 9. Nxe2 0-0 10. h3 Rc8 11. c3 b5 12. Nxc6 Rxc6 13. Bg5 Ne4 14. Bxe7 Qxe7 15. f3 Nd6 16. Nf4 Nf5 17. Qd2 cxd4 18. cxd4 Rfc8 19. Rfc1 Qc7 20. Rxc6 Qxc6 21. g4 Nh4 22. Qf2 g5 23. Nd3 Qd6 24. f4 h6 25. Rf1 f6 26. Kh1 Rf8 27. Qh2 e5 28. f5 Re8 29. b4 a5 30. a3 axb4 31. axb4 Qb6 32. Qa2 exd4 33. Qxd5+ Kh8 34. e4 Qc7 35. Qxd4 Qg3 36. Rf2 Qxh3+ 37. Kg1 Qxg4+ 38. Kh2 Kg7 39. Qd7+ Kf8 40. Qh7 Qxe4 41. Qh8+ Ke7 42. Qg7+ Kd6 43. Qxf6+ Kd5 44. Nc5 Qe3 45. Qf7+ Kd4 46. Qd7+ Kc3 47. Qg7+ Re5 48. Ne4+ Qxe4 49. Qc7+ Kb3 50. f6 Rf5 51. Qf7+ Qd5 52. Qa7 Nf3+ 53. Kh3 g4+ 54. Kg3 Qe5+ 55. Kg2 Qh2+ 56. Kf1 Nd2+ 0-1

[Event "Chigorin Memorial 26th"]
[Site "St Petersburg"]
[Date "2018.10.28"]
[Round "2"]
[White "Erdenieva, Oyuna"]
[Black "Trifonov, Vladislav"]
[Result "1-0"]
[WhiteElo "2251"]
[BlackElo "1749"]
[PlyCount "69"]
[EventDate "2018.10.27"]
[EventType "swiss"]
[EventRounds "9"]
[EventCountry "RUS"]
[SourceTitle "CBM 187 Extra"]
[Source "ChessBase"]
[SourceDate "2018.11.04"]
[SourceVersion "1"]
[SourceVersionDate "2018.11.04"]
[SourceQuality "1"]

1. c4 c5 2. Nc3 Nf6 3. Nf3 e6 4. g3 b6 5. Bg2 Bb7 6. 0-0 Be7 7. d3 0-0 8. e4 d5 9. e5 Nfd7 10. cxd5 exd5 11. d4 cxd4 12. Qxd4 Re8 13. Rd1 Bc5 14. Qf4 f6 15. Nxd5 fxe5 16. Qc4 Kh8 17. b4 Nf6 18. Nc3 Bd4 19. Nxd4 Bxg2 20. Nde2 Qxd1+ 21. Nxd1 Bd5 22. Qb5 Nbd7 23. Ndc3 a6 24. Qd3 Bc6 25. Bg5 e4 26. Qd6 Rac8 27. Nd4 Ba8 28. Na4 b5 29. Nb6 Nxb6 30. Qxb6 Nd5 31. Qxa6 Nxb4 32. Qxb5 Rb8 33. Qd7 Bd5 34. a3 Ra8 35. Rb1 1-0

[Event "Izmailov Memorial op 17th"]
[Site "Tomsk"]
[Date "2013.06.14"]
[Round "4"]
[White "Turovets, Sergey"]
[Black "Erdenieva, Oyuna"]
[Result "0-1"]
[WhiteElo "2005"]
[BlackElo "1806"]
[PlyCount "174"]
[EventDate "2013.06.11"]
[EventType "swiss"]
[EventRounds "9"]
[EventCountry "RUS"]
[SourceTitle "CBM 154 Extra"]
[Source "ChessBase"]
[SourceDate "2013.06.25"]
[SourceVersion "2"]
[SourceVersionDate "2013.06.25"]
[SourceQuality "1"]

1. Nf3 d5 2. d4 Nf6 3. c4 e6 4. cxd5 exd5 5. Nc3 c6 6. Bg5 Be7 7. e3 Bf5 8. Bd3 Bxd3 9. Qxd3 Nbd7 10. 0-0 0-0 11. Rfc1 Ne4 12. Bf4 Ndf6 13. Nd2 Nxd2 14. Qxd2 Bd6 15. Bxd6 Qxd6 16. h3 Rfe8 17. a3 Ne4 18. Nxe4 Rxe4 19. Qb4 Qd7 20. Qc5 f5 21. b4 a6 22. a4 f4 23. exf4 Rxf4 24. b5 Rf6 25. Re1 Qf5 26. bxc6 Qxf2+ 27. Kh1 bxc6 28. Re7 Raf8 29. Rg1 Qg3 30. Qc1 Qb3 31. Qg5 Rg6 32. Qe5 Qxa4 33. Re8 Rgf6 34. Re1 Qb4 35. Re7 R6f7 36. Re6 Qxe1+ 37. Qxe1 Rf1+ 38. Qxf1 Rxf1+ 39. Kh2 Rc1 40. Re7 Rc4 41. Rc7 a5 42. Kg3 a4 43. Kf3 a3 44. Ra7 Rxd4 45. Rxa3 c5 46. Ra7 c4 47. Rc7 Rd3+ 48. Ke2 h5 49. h4 Kh7 50. Rc6 Rg3 51. Kf2 Rg6 52. Rc5 Rd6 53. Kf3 Kg6 54. Kf4 Kf6 55. Rc7 g6 56. Rc5 Ke6 57. Rc7 Rd8 58. Rc6+ Kd7 59. Rxg6 c3 60. Ra6 c2 61. Ra1 Re8 62. Rc1 Re2 63. Kf3 Rd2 64. g4 hxg4+ 65. Ke3 Rh2 66. h5 Ke7 67. Rg1 Rxh5 68. Kd2 Rh2+ 69. Kc1 Kd6 70. Rxg4 Ke5 71. Rg5+ Kd4 72. Rg3 Ke4 73. Rg4+ Ke3 74. Rg3+ Kf4 75. Rd3 Ke4 76. Rg3 d4 77. Rg4+ Ke3 78. Rg3+ Kf4 79. Rg8 d3 80. Rf8+ Ke5 81. Re8+ Kf6 82. Rf8+ Ke7 83. Rf1 Ke6 84. Rg1 Kf5 85. Rf1+ Ke4 86. Re1+ Kd4 87. Re8 Rh1+ 0-1